The future of policy and standards for low and zero carbon homes (Record no. 121753)
[ view plain ]
| 000 -LEADER | |
|---|---|
| fixed length control field | 01390cad a22002775a 4500 |
| 008 - FIXED-LENGTH DATA ELEMENTS--GENERAL INFORMATION | |
| fixed length control field | 180904t2016 xxk g 000 0 eng d |
| 041 0# - LANGUAGE CODE | |
| Language code of text/sound track or separate title | eng |
| 110 ## - MAIN ENTRY--CORPORATE NAME | |
| Corporate name or jurisdiction name as entry element | Royal Institution of Chartered Surveyors |
| 9 (RLIN) | 4900 |
| 245 04 - TITLE STATEMENT | |
| Title | The future of policy and standards for low and zero carbon homes |
| Medium | [electronic resource] |
| 260 ## - PUBLICATION, DISTRIBUTION, ETC. | |
| Place of publication, distribution, etc. | London |
| Name of publisher, distributor, etc. | RICS |
| Date of publication, distribution, etc. | 2016 |
| 300 ## - PHYSICAL DESCRIPTION | |
| Extent | 60p. |
| 490 #0 - SERIES STATEMENT | |
| Series statement | RICS Research |
| 520 ## - SUMMARY, ETC. | |
| Summary, etc. | This project evaluates policy and standards for promoting the delivery of low and zero carbon (LZC) new homes in England, in the context of the 2012 Housing Standards Review and the recently withdrawn 2016 zero carbon target. The low/zero carbon homes agenda was launched by the Labour Government in 2006 with the aim of establishing ‘performance orientated’ policy tools, including a complementary mix of mandatory national regulations, voluntary and quasi-voluntary standards |
| 650 ## - SUBJECT ADDED ENTRY--TOPICAL TERM | |
| Topical term or geographic name entry element | HOUSING STANDARDS |
| 650 ## - SUBJECT ADDED ENTRY--TOPICAL TERM | |
| Topical term or geographic name entry element | NET ZERO |
| 651 #4 - SUBJECT ADDED ENTRY--GEOGRAPHIC NAME | |
| Geographic name | United Kingdom |
| 690 ## - LOCAL SUBJECT ADDED ENTRY--TOPICAL TERM (OCLC, RLIN) | |
| Topical term or geographic name as entry element | Residential property |
| 9 (RLIN) | 6266 |
| 690 ## - LOCAL SUBJECT ADDED ENTRY--TOPICAL TERM (OCLC, RLIN) | |
| Topical term or geographic name as entry element | Built Environment |
| 9 (RLIN) | 6307 |
| 700 1# - ADDED ENTRY--PERSONAL NAME | |
| Personal name | Greenwood, Dan |
| 700 1# - ADDED ENTRY--PERSONAL NAME | |
| Personal name | Congreve, Alina |
| 700 1# - ADDED ENTRY--PERSONAL NAME | |
| Personal name | King, Martin |
| 700 1# - ADDED ENTRY--PERSONAL NAME | |
| Personal name | Eriksson, Clare |
| 700 1# - ADDED ENTRY--PERSONAL NAME | |
| Personal name | Arnold, Amanprit |
| 856 40 - ELECTRONIC LOCATION AND ACCESS | |
| Uniform Resource Identifier | <a href="http://www.propertyresearchtrust.org/uploads/1/3/4/8/134819607/planning_tools_for_peri-urban_food.pdf">http://www.propertyresearchtrust.org/uploads/1/3/4/8/134819607/planning_tools_for_peri-urban_food.pdf</a> |
| Public note | View via the Property Research Trust |
| 942 ## - ADDED ENTRY ELEMENTS (KOHA) | |
| Suppress in OPAC | 0 |
| Source of classification or shelving scheme | Dewey Decimal Classification |
No items available.